LEADER 01003nam a2200265 i 4500 001 000000039703 003 CaOOAMICUS 005 20110823000000.0 008 110823s1985 it u000 u ita u 013 $a10859 020 $a88-420-2650-6 040 $aSeMil$bita 100 1 $aZorzi, Alvise,$d<1922-2016>.$0(OLS)http://semarc/name/19305 245 10$aVenezia austriaca (1798-1866) /$cAlvise Zorzi. 260 $aBari :$bLaterza & Figli,$c1985. 300 $a413 p. ;$c22 cm. 490 0 $aStoria e società 650 4$aVenezia - Storia.$0(OLS)http://semarc/subject/2116 830 0$aStoria e società.$0(OLS)http://semarc/title/2818 850 $aSeMil 852 $aSeMil$W1$xVenegono$y1$m3V II 211$j5858$B5858$CSeMilBibl$Z2$F5858 $81 961 $aOmaggio: Deposito 996 $6020$a88-420-2650-6$9(OLS)http://semarc/number/9500 996 $6245$aVenezia austriaca (1798-1866)$9(OLS)http://semarc/title/56687 996 $6260$aBari :$bLaterza & Figli$9(OLS)http://semarc/publisher/29663 LEADER 00909nam a2200229 i 4500 001 000000070380 003 CaOOAMICUS 005 20080818000000.0 008 080818s1969 it u000 u ita u 013 $a41552 040 $aSeMil$bita 100 1 $aCastelli, Enrico <1900-1977>.$0(OLS)http://semarc/name/393 245 13$aIl tempo invertebrato /$cEnrico Castelli. 260 $aPadova :$bCEDAM,$c1969. 300 $a203 p. ;$c22 cm. 490 0 $aStudi filosofici e religiosi ;$v4 650 4$aCastelli, Enrico <1900-1977> - Diari e memorie.$0(OLS)http://semarc/subject/14037 830 0$aStudi filosofici e religiosi ;$v4.$0(OLS)http://semarc/title/14061 850 $aSeMil 852 $aSeMil$W1$xVenegono$y1$m2P II 297$j36533$B36533$CSeMilBibl$Z2$F36536 $81 996 $6245$aIl tempo invertebrato$9(OLS)http://semarc/title/112973 996 $6260$aPadova :$bCEDAM$9(OLS)http://semarc/publisher/30274